000 02098cam a22006134i 4500
003 PE-LiUPU
005 20250818155700.0
008 150616s1990 sp r 000 0 spa d
020 _a8432994359
020 _a9788432994357
035 _a(Sirsi) i9788432994357
040 _aPE-LiUPU
_bspa
_cPE-LiUPU
_erda
049 _aPRUA
082 0 4 _a155.432
_bB58
_221
100 1 _aBlechman, Elaine A.,
_eautor.
245 1 0 _aComo resolver problemas de comportamiento en la escuela y en casa /
_cElaine A. Blechman.
264 1 _aBarcelona :
_bCEAC,
_c1990.
300 _a252 páginas ;
_c21 centímetros.
336 _atext
_2rdacontent
337 _aunmediated
_2rdamedia
338 _avolume
_2rdacarrier
490 0 _aColección Educación y Enseñanza. Educación Especial
505 0 _aSoluciones a los problemas de conducta de los niños -- Capacidad de la familia y problemas de conducta del niño -- La reunión de familia -- Resolución de problemas en el hogar -- Resolución de problemas en la escuela.
526 _aSEG68
526 _aSEG70
526 _aSEG69
526 _aSEG67
526 _aSEG43
526 _aP144
526 _aP143
526 _aP131
526 _aP122
526 _aP120
526 _aP117
526 _aP112
526 _aP110
526 _aP106
526 _aP101
526 _aP80
526 _aP59
526 _aP54
526 _aP35
526 _aP33
526 _aP30
650 0 4 _aConducta Infantil.
650 0 4 _aEducación de niños.
_91818
910 _ajck
942 _2ddc
_cBOOK
949 _a155.432 B58
_wDEWEY
_c1
_i43424
_lCCODEBUL1
_mBUL
_r0
_sY
_tBOOK
_u2015-4-23
_xSALUD
_zUNKNOWN
_0COMPRA
_o.STAFF. Colección Ciencias Humanas y Educación
949 _a155.432 B58
_wDEWEY
_c2
_i50864
_d2015-9-8
_e2015-9-7
_lCCODEBUL1
_mBUL
_n2
_r0
_sY
_tBOOK
_u2015-6-16
_xEDUCACION
_0COMPRA
_o.STAFF. Colección Ciencias Humanas y Educación
980 _81
_gALBERTO SANCHEZ Responsable de Automatización
999 _c61392
_d61392